000 00678nam a2200181Ia 4500
005 20250423100732.0
008 250422s9999 xx 000 0 und d
020 _a9780194756235
050 _aPE 1128 .M33/
100 _aMcVeigh, Joe
245 0 _aQ: skills for success reading and writing 2.
260 _aNew York
260 _bOxford University Press
260 _c2011
300 _a203 p
650 _a English language--Study and teaching--Foreign speakers. English language--Textbooks for foreign speakers. English language--Conversation and phrase books. English language--Rhetoric. English language--Web-based instruction.
942 _cBK
999 _c34190
_d34190